Idea de la hispanidad /

Gardado en:
Detalles Bibliográficos
Autor Principal: García Morente, Manuel (autor)
Formato: Libro
Idioma:Lingua castelá
Publicado: Madrid, España : Espasa-Calpe, 1961, c1961
Series:(Austral ; 1302)
Temas:
Etiquetas: Engadir etiqueta
Sen Etiquetas, Sexa o primeiro en etiquetar este rexistro!

MARC

LEADER 00000nam^a2200000^a^4500
001 000278564
005 20250521000000.0
009 20260310111409.161
037 |a Acervo Xavier Clavigero 
041 |a ESP 
082 |a 808.  |b AUS V. 1302 
100 |a García Morente, Manuel  |e (autor) 
245 1 0 |a Idea de la hispanidad /  |c M. García Morente. 
264 4 |a Madrid, España :  |b Espasa-Calpe,  |c 1961, c1961 
300 |a 229 p. 
336 |a texto  |b txt  |2 rdacontenido 
337 |a sin mediación  |b n  |2 rdamedio 
338 |a volumen  |b nc  |2 rdasoporte 
440 1 |a (Austral ;  |v 1302) 
649 |a XX 
650 |a Identidad Cultural -  |z España -  |x Tema Principal 
650 |a Identidad Nacional -  |z España 
650 |a Vida Cristiana -  |z España 
650 |a Cristianismo -  |z España 
650 |a Filosofía y Religión 
650 |a Antropología Filosófica 
650 |a Antropología Cultural 
650 |a España -  |x Historia -  |x Filosofía -  |x Tema Principal 
740 0 |a Fuerte como la Pampa /  |c E. Larreta. 
740 3 |a La huerta /  |c E. Larreta. 
740 0 |a En la tela del sueño /  |c E. Larreta. 
910 |a Fondo General 
920 |a Impresos - Libros 
930 |a Colección General 
940 |a Literatura 
905 |a 101 
901 |a 007191  |b IT1  |c LIT  |u 20250521 
902 |a https://opac.biblio.iteso.mx/vufind/Record/000278564